| 000 | 00442nam a2200205Ia 4500 | ||
|---|---|---|---|
| 008 | 210210b1911 xxu||||| |||| 00| 0 eng d | ||
| 041 | _aeng | ||
| 082 | _a230/150 | ||
| 100 | _aVAUGHAN (John S) | ||
| 245 | _aFaith and folly Ed.4 | ||
| 250 | _a | ||
| 260 |
_aLondon _bBurns & oates, _c1911 |
||
| 300 | _axvi,496 | ||
| 650 | _afolly | ||
| 650 | _aFaith | ||
| 650 | _aEd.4 | ||
| 650 | _aand | ||
| 690 | _aReligion | ||
| 906 | _a001386 | ||
| 999 |
_c116532 _d116532 |
||